000 00611cam a2200181 a 4500
020 _a0669145769 (alk. paper)
082 0 _a355/.0217
_bDEL
_cD
100 1 _aDeLeon, Peter.
_937116
245 1 4 _aThe altered strategic environment :
_btoward the year 2000 /
_cPeter deLeon.
260 _aLexington, Mass. :
_bLexington Books,
_cc1987.
300 _aviii, 113 p. ;
_c24 cm.
526 _a0
_b0
_c0
_d355_021700000000000_DEL
650 0 _aNuclear warfare.
_937117
650 0 _aNuclear winter.
_937118
650 0 _aStrategic Defense Initiative.
_937119
650 0 _aWarfare, Conventional.
_937120
942 _2ddc
_cBK
999 _c542033
_d542033